Barcelona : Les Cases Barates / Miquel Domingo i Clota ... [et al.] Les Cases Barates / Miquel Domingo i Clota ... [et al.]
ISBN:
84-7609-891-X
Descripción Física:
197 p. : il. ; 24 x 24 cm
MARC
| LEADER | 00000nam a2200000Ia 4500 | ||
|---|---|---|---|
| 001 | 12254 | ||
| 008 | 160829s1999 xx 000 0 cat d | ||
| 020 | |a 84-7609-891-X | ||
| 080 | |a B-1-313 | ||
| 245 | |a Barcelona : |b Les Cases Barates / Miquel Domingo i Clota ... [et al.] | ||
| 260 | |a Barcelona : |b Ajuntament de Barcelona, Patronat Municipal de l'Habitatge, |c 1999 | ||
| 300 | |a 197 p. : |b il. ; |c 24 x 24 cm | ||
| 590 | |a Textos en català i castellà | ||
| 650 | 0 | |a Urbanisme |z Barcelona (Catalunya) |9 7247 | |
| 650 | |a Barris perifèrics |x Barcelona |9 36077 | ||
| 700 | |a Domingo i Clota, Miquel |9 36078 | ||
| 700 | |a Patronat Municipal de l'Habitatge (Barcelona) |9 25211 | ||
| 901 | |a Arxiu | ||
| 942 | |n 1 | ||
| 952 | |0 0 |1 0 |4 0 |6 B1313 |7 1 |9 47168 |a Arxiu |b Arxiu |d 2016-12-01 |l 0 |o B-1-313 |p 12254 |r 2016-12-01 00:00:00 |w 2016-12-01 |y ARXIU | ||
| 999 | |c 50965 |d 50965 | ||